Evénements du 3 octobre - Statistiques

Statistiques générales
  • Ce quiz a été pris 29 fois
  • Le résultat moyen est 7 sur 15
Statistiques - réponses
Hint Réponse % Correct
Réunification de l'Allemagne 1990
91%
Mort de St François d'Assise 1226
77%
Naissance de l'actrice Ingrid Chauvin 1973
77%
Explosion de la 1ère bombe atomique britannique 1952
68%
Naissance de l'écrivain Alain-Fournier 1886
55%
Mort de l'actrice Janet Leigh 2004
50%
Naissance de l'acteur Jean Lefebvre 1919
45%
Attaque à la préfecture de police de Paris - 5 morts 2019
41%
Naissance de la courtisane Marion Delorme 1613
36%
Naissance du peintre Pierre Bonnard 1867
36%
Indépendance de l'Irak 1932
32%
Création du royaume de Yougoslavie 1929
27%
Naissance d'Allan Kardec 1804
23%
Naissance de l'actrice Eleonora Duse 1858
23%
Naissance de Louis Aragon 1897
18%
Aucun quiz correspondant
Distribution des résultats
% des personnes avec chaque résultat
Percentile par nombre de réponses
Votre historique - résultats
Vous n’avez pas pris ce quiz